Αρχές Βιομηχανικών Αεριοστρόβιλων (Record no. 3655)
[ view plain ]
| 000 -LEADER | |
|---|---|
| fixed length control field | 01358cam a22002054a 4500 |
| 005 - ΗΜΕΡΟΜΗΝΙΑ ΚΑΙ ΩΡΑ ΤΕΛΕΥΤΑΙΑΣ ΕΝΗΜΕΡΩΣΗΣ | |
| Πεδίο ελέγχου | 20250605164121.0 |
| 008 - FIXED-LENGTH DATA ELEMENTS--GENERAL INFORMATION | |
| Πεδίο ελέγχου σταθερού μήκους | 250528s ||||||||||||||||||||||||d |
| 035 ## - SYSTEM CONTROL NUMBER | |
| System control number | 18289 |
| 020 ## - ISBN | |
| ISBN | 9603301221 |
| 040 ## - ΠΗΓΗ ΚΑΤΑΛΟΓΟΓΡΑΦΗΣΗΣ | |
| Φορέας πρωτότυπης καταλογογράφησης | MC Athens Campus Library |
| Γλώσσα καταλογογράφησης | Ελληνικά, Μοντέρνα (1453-) |
| Modifying agency | MC Athens Campus Library |
| Κανόνες περιγραφικής καταλογογράφησης | AACR2 |
| 245 1# - ΤΙΤΛΟΣ ΚΑΙ ΔΗΛΩΣΗ ΥΠΕΥΘΥΝΟΤΗΤΑΣ | |
| Τίτλος | Αρχές Βιομηχανικών Αεριοστρόβιλων |
| 260 ## - PUBLICATION, DISTRIBUTION, ETC. | |
| Date of publication, distribution, etc. | 2001 |
| 300 ## - PHYSICAL DESCRIPTION | |
| Extent | 272 |
| 520 ## - SUMMARY, ETC. | |
| Summary, etc. | Γενικές Αρχές Λειτουργίας και Διαμόρφωση των Βιομηχανικών Αεριοστρόβιλων, Γενικές Γνώσεις από τη Θερμοδυναμική και τη Ρευστομηχανική, Θεμελιώδεις Ιδιότητες και Εξισώσεις της Καύσεως, Θεωρητικοί Κύκλοι Αεριοστρόβιλων, Θάλαμοι Καύσεως και Καύση στους Αεριοστρόβιλους, Στροβιλομηχανές και Στοιχειώδης Θεωρία Ροής, Πραγματικός Κύκλος Λειτουργίας Αεριοστρόβιλων, Επίδοση του Αεριοστρόβιλου σε Συνθήκες Εκτός του Σημείου Σχεδιάσεως, Παραρτήματα. |
| 700 1# - ΠΡΟΣΘΕΤΗ ΑΝΑΓΡΑΦΗ--ΦΥΣΙΚΟ ΠΡΟΣΩΠΟ | |
| Personal name | Fountas |
| 9 (RLIN) | 4564 |
| 700 1# - ΠΡΟΣΘΕΤΗ ΑΝΑΓΡΑΦΗ--ΦΥΣΙΚΟ ΠΡΟΣΩΠΟ | |
| Personal name | Ρακόπουλος Κωνσταντίνος Δ |
| 9 (RLIN) | 4565 |
| 942 ## - ADDED ENTRY ELEMENTS (KOHA) | |
| Koha item type | Books |
| Τύπος τεκμηρίου | Βιβλιοθήκη | Τρέχουσα τοποθεσία | Barcode | Αριθμός εισαγωγής | Ημερομηνία απόκτησης | Ταξιθετικό σύμβολο | Αριθμός αντιτύπου | Κατάσταση απόσυρσης | Κατάσταση χαμένου | Κατάσταση κατεστραμμένου | Μη δανεισμός | Σύνολο δανεισμών | Ημερομηνία τελευταίας εμφάνισης | Η τιμή ισχύει από |
|---|---|---|---|---|---|---|---|---|---|---|---|---|---|---|
| Books | MC Athens Campus Library | MC Athens Campus Library | 9780000036544 | 2875 | 05/06/2025 | 621.433 RAK | 1 | 05/06/2025 | 05/06/2025 |